| 000 | 01117nam a2200313 i 4500 | ||
|---|---|---|---|
| 003 | EG-GICUC | ||
| 005 | 20260504091552.0 | ||
| 008 | 260418s1902 fr |||fr|||| 000 0 fre d | ||
| 040 |
_aEG-GiCUC _bfre _cEG-GiCUC _dEG-GiCUC _eRda |
||
| 041 | _afre | ||
| 082 | 0 | 4 |
_221 _a343.112044 _bGA . T |
| 092 | 0 | 4 | _221 |
| 099 | _aLaw1 10 343.112044 GA . T 2 èd - 1922 1009076 C1 | ||
| 100 | 1 |
_aGarraud, R. _eAuteur |
|
| 245 | 1 | 0 |
_aTraité Théorique et Pratique du Droit Pénal Français . _nTome Sixième / _c R. Garraud . |
| 250 | _aDeuxième Édition Complètement Revue Et Considérablement Augmentée | ||
| 264 | 1 |
_aParis : _bLibrairie De La Société Du Recueil Sirey , _c1902 . |
|
| 300 |
_a609 page ; _c 24 cm. _billustration ; |
||
| 336 |
_2rda contenu _a texte |
||
| 337 |
_2rda medias _aOrdinateur |
||
| 338 |
_2 transporteur rda _a Ressource en ligne |
||
| 504 | _aComprend des références bibliographiques. | ||
| 546 | _aTexte en français | ||
| 650 | 1 |
_aDroit pénal _2qrmak |
|
| 651 | 1 | _2qrmak | |
| 856 | 4 | 0 | _uhttps://fll.law.cu.edu.eg/fulltext/bks/test.pdf |
| 905 | _a162 | ||
| 942 |
_2ddc _cBK _e21 _n0 |
||
| 999 |
_c71706 _d71706 |
||